El uso pedagógico de los archivos : reflexiones y propuestas para abordar la historia, la memoria y los Derechos Humanos /

Esta publicación propone un acercamiento al trabajo con archivos, en tanto instituciones que guardan, conservan y ponen a disposición de la ciudadanía documentación que puede constituirse en un importante recurso pedagógico para pensar estrategias de enseñanza desde las escuelas. Se presentan una se...

Descripción completa

Guardado en:
Autor Corporativo: Ministerio de Educación de la Nación.
Formato: Libro
Idioma:Undetermined
Publicado: Buenos Aires : Ministerio de Educación de la Nación, 2021.
Edición:2a ed.
Materias:
Acceso en línea:Clic aquí para acceder al libro en formato digital.
Etiquetas: Agregar Etiqueta
Sin Etiquetas, Sea el primero en etiquetar este registro!
LEADER 02845nam a22002655a 4500
001 CEM.cems020728
008 231204s2021####ag############000#0#und#d
005 20231205090949.0
245 1 0 |a El uso pedagógico de los archivos :  |b reflexiones y propuestas para abordar la historia, la memoria y los Derechos Humanos /  |c Ministerio de Educación de la Nación. 
250 |a 2a ed. 
260 |a Buenos Aires :  |b Ministerio de Educación de la Nación,  |c 2021. 
300 |a 88 p. 
500 |a Incluye propuestas de trabajo en el aula. 
505 0 |a Archivos, escuela y democracia -- ¿Qué son los archivos? -- ¿Por qué son importantes los archivos y los repositorios de documentos? -- ¿Qué relaciones existen entre archivo, memoria y democracia? -- Los archivos y el terrorismo de Estado -- Los archivos en la represión -- Archivos generados por comisiones investigadoras: el fondo de la CONADEP -- Archivos para la verdad, la justicia y la memoria -- Archivos y fondos sobre la guerra de Malvinas producidos y guardados por el Estado -- Los archivos y el Holocausto -- Archivos del Gueto de Varsovia -- Los archivos de Yad Vashem -- Archivo visual de Shoah Foundation -- El Museo y Memorial del Holocausto en los Estados Unidos (USHMM) -- Archivos de la Argentina -- Archivos indigenistas, archivos indígenas -- Memorias sociales y archivo estallado -- Algunos archivos para pensar la historia y el presente indígena -- Archivos de mujeres y personas LGBT+ -- El Archivo de la Memoria Trans -- Insumisas: el archivo para recuperar la lucha de las mujeres -- Propuestas para trabajar con archivos y fuentes en las aulas -- ¿Cómo trabajar con archivos y registros documentales en la escuela? -- Propuestas de actividades para trabajar con documentos que guardan los archivos 
520 |a Esta publicación propone un acercamiento al trabajo con archivos, en tanto instituciones que guardan, conservan y ponen a disposición de la ciudadanía documentación que puede constituirse en un importante recurso pedagógico para pensar estrategias de enseñanza desde las escuelas. Se presentan una serie de archivos, documentos y sugerencias de actividades para aportar a la construcción del conocimiento y la memoria desde una ciudadanía respetuosa de los derechos humanos. 
020 |a 9789500015462 
110 2 |a Ministerio de Educación de la Nación. 
653 |a Archivos 
653 |a Pedagogía 
653 |a Derechos Humanos 
653 |a Escuela 
856 |u https://www.educ.ar/recursos/158107/el-uso-pedagogico-de-los-archivos-reflexiones-y-propuestas-p  |y Clic aquí para acceder al libro en formato digital. 
859 |a CEMS  |b BIB. CEMS - 11 de abril  |h 364.15  |i Ar37-1  |p 29670.23  |t Ej.1 
859 |a CEMS  |b BIB. CEMS - 11 de abril  |h 364.15  |i Ar37-1  |p 29671.23  |t Ej.2 
859 |a CEMS  |b BIB. CEMS - 11 de abril  |h 364.15  |i Ar37-1  |p 29838.23  |t Ej.3